00985nam a2200217 a 450000100100000000500170001000800410002704000250006808200240009311001110011724500550022826000700028330000330035359000260038665000460041265000530045865100750051191000420058695201220062899900170075000002158620200930011357.0100909s1982 dr ad r 000 0 spa d aDO-SdBNPbspacBNPHU a352.48bR426i, 19821 aRepública Dominicana.bSecretariado Técnico de la Presidencia.bOficina Nacional de Presupuesto93226610aInforme de ejecución presupuestaria año 1982 . aSanto Domingo :bSecretariado Técnico de la Presidencia,c1982. av. :bil., gráf. ;c28 cm. aInventariado, 2018/BT 4aPresupuestozRepública Dominicana97940 4aHacienda públicazRepública Dominicana96562 4aRepública DominicanaxGastos Presupuestarios Públicosy1982944761 aValidado. Control de calidad. MMOLINA 0010718PDaPDbPDcHDd2010-09-09iLF1l0o352.48 R426i, 1982p21586-10r2020-06-25w2020-06-25yLFPDZNo se presta c21085d21085